Normal view
MARC view
- Structural engineering.
Entry Topical Term
001 - CONTROL NUMBER
- control field: 30227
003 - CONTROL NUMBER IDENTIFIER
- control field: NUST
005 - DATE AND TIME OF LATEST TRANSACTION
- control field: 20200917111957.0
008 - FIXED-LENGTH DATA ELEMENTS
- fixed length control field: 200917|| aca||aabn | a|a d
040 ## - CATALOGING SOURCE
- Original cataloging agency: NUST
- Transcribing agency: NUST
150 ## - HEADING--TOPICAL TERM
- Topical term or geographic name entry element: Structural engineering.
670 ## - SOURCE DATA FOUND
- Source citation: Work cat.: (NUST)0: Roca, Pere, (Professor of civil engineering), author. 30225, Historic construction and conservation :
